Transformácia vonkajších ekonomických vzťahov ČSFR so zreteľom na hospodárske vzťahy so SRN.
Príčiny klesajúceho trendu vytvoreného čistého národného dôchodku v období 1970-1989. Podiely výmeny tovarov s východnými a západnými krajinami. Liberalizácia zahraničného obchodu po roku 1989. Spoločné podniky so zahraničnou kapitálovou účasťou. Podiel nemeckého kapitálu na celkovom objeme zahranič...
Enregistré dans:
| Auteur principal: | |
|---|---|
| Format: | Chapitre de livre |
| Langue: | slovaque |
| Sujets: | |
| Tags: |
Pas de tags, Soyez le premier à ajouter un tag!
|
MARC
| LEADER | 00000naa a2200000 4500 | ||
|---|---|---|---|
| 001 | r011642 | ||
| 005 | 20220831090107.4 | ||
| 041 | 0 | |a slo | |
| 044 | |a [CS] | ||
| 245 | 1 | 0 | |a Transformácia vonkajších ekonomických vzťahov ČSFR so zreteľom na hospodárske vzťahy so SRN. |c Jiří Kosta |
| 520 | |a Príčiny klesajúceho trendu vytvoreného čistého národného dôchodku v období 1970-1989. Podiely výmeny tovarov s východnými a západnými krajinami. Liberalizácia zahraničného obchodu po roku 1989. Spoločné podniky so zahraničnou kapitálovou účasťou. Podiel nemeckého kapitálu na celkovom objeme zahraničného kapitálu v ČSFR. Tovarová štruktúra zahraničného obchodu. | ||
| 610 | 2 | 0 | |a vzťahy hospodárske vonkajšie |
| 610 | 2 | 0 | |a ČSFR |
| 610 | 2 | 0 | |a Nemecko |
| 610 | 2 | 0 | |a 1948-1989 |
| 610 | 2 | 0 | |a 1990-1991 |
| 610 | 2 | 0 | |a obchod zahraničný |
| 610 | 2 | 0 | |a vývoz |
| 610 | 2 | 0 | |a dovoz |
| 610 | 2 | 0 | |a dôchodok národný |
| 610 | 2 | 0 | |a kapitál zahraničný |
| 610 | 2 | 0 | |a údaje štatistické |
| 610 | 2 | 0 | |a transformácia |
| 100 | 1 | |a Kosta, Jiří | |